000 00663nam a22002057a 4500
003 OSt
005 20250701070600.0
008 250701b |||||||| |||| 00| 0 eng d
020 _a 978-971-9919-39-1
040 _aDWCL -Main lib
_cOC
082 _aFil. 657 V173t 2013
100 _aValix, Conrado T.
245 _aTheory of accounts :
_bCPA examination, volume 2/
_cConrado T. Valix
250 _aRevised edition.
260 _aManila :
_bGIC Enterprises,
_cc2013.
300 _avii, 846 pages ;
_c22 cm.
650 _a1. Accounting--Examinations, questions, etc.
700 _aChristian Aris M. Valix
942 _2ddc
_cBK - FIL
_eRevised edition.
_kFil.
_n0
999 _c3340
_d3340